Most expensive football transfers - Right-Backs - 2015-2016 Season - Statistics

General Stats
  • This quiz has been taken 13 times
  • The average score is 6 of 11
Answer Stats
Fee (M €) Nationality Left Joined Player % Correct
18,00 Italy Torino Manchester United Matteo Darmian
85%
17,70 England Southampton Liverpool Nathaniel Clyne
85%
8,50 Germany VfB Stuttgart Bayern Munich Joshua Kimmich
69%
10,00 Ivory Coast Toulouse Paris SG Serge Aurier
69%
15,00 Portugal Benfica Valencia João Cancelo
62%
4,90 England Burnley Tottenham Kieran Trippier
62%
7,00 Portugal Sporting CP Southampton Cédric Soares
54%
5,00 Albania FC Empoli SSC Napoli Elseid Hysaj
54%
10,50 Serbia Udinese Calcio Lazio Dusan Basta
31%
5,00 England Brentford Hull City Moses Odubajo
23%
4,90 Mexico Villarreal Tigres UANL Javier Aquino
15%
No matching quizzes found
Score Distribution
Percent of People with Each Score
Percentile by Number Answered
Your Score History
You have not taken this quiz